| 000 | 00652nam a2200193 a 4500 | ||
|---|---|---|---|
| 003 | 0 | ||
| 005 | 20250204102016.0 | ||
| 008 | 130824s19uu xx 00 eng d | ||
| 050 |
_aPHS BV 652.25 _b.R233 2013 |
||
| 100 | _aRaterta, Lucille Jean J. | ||
| 245 |
_aChurch Ministries and assertive behavior / _cLucille Jean J. Raterta. |
||
| 260 |
_aLas PiƱas City, Philippines : _bSouthville International School and Colleges, _c2013. |
||
| 300 |
_a32 p. : _bill. ; _c28 cm. |
||
| 504 | _aIncludes bibliographical references. | ||
| 650 | _aChurch work. | ||
| 650 | _aChurch work with youth. | ||
| 650 | _aAssertiveness (Psychology). | ||
| 942 |
_2lcc _cPASS |
||
| 999 |
_c98962 _d98962 |
||